000 00523nam a2200193 4500
003 LK-CoMWRAF
005 20231103025045.0
008 230902b2003 |||||||| |||| 00| 0 eng d
020 _a817898234X
040 _aLK-CoMWRAF
_dLK-CoMWRAF
_eLK-CoMWRAF
041 _aeng
082 _a823
_bKHA
100 _aKhan, Saniyasnain
245 _aTha Wise man and the prophet musa :
_bQuran stories for little hearts
260 _aNew Delhi :
_bWoodword books,
_c2003
300 _a23p
650 _aChildren Stories
942 _cBK
999 _c3378
_d3378